02066nam a2200217Ia 45000010005000000080041000050100009000460410014000550820015000692450155000842600018002393000007002575200007002646300039002716300061003106300027003716500067003987000029004657000038004945201316005326929241029s9999 xx 000 0 und d a6550 aEspañol aTAE - 2016 0aApreciación de los estudiantes del Instituto Politécnico Ing. José Delio Guzmán en el uso de las TIC en el proceso de enseñanza-aprendizaje. aSanto Domingo a46 a67 aProceso de Enseñanza-Aprendizaje aTecnología de la Información y Comunicación (TICs) aTecnología Educativa aTecnología de la Información y de la Comunicación (TICs) easesoraPérez, Karmele eautoraRosario Alberto, Brindicys aEste estudio tuvo como objetivo, analizar la visión que tienen los estudiantes del Instituto Politécnico Ing. José Delio Guzmán, ubicado en la antigua Autopista Duarte Km. 83 1/ 2 de la Provincia Monseñor Nouel, Bonao, República Dominicana, sobre el uso de las TIC en el proceso de enseñanza-aprendizaje. Este proyecto de investigación contó con una población de 343 estudiantes de los cuales se seleccionaron 50 estudiantes, para la muestra, 25 estudiantes pertenecientes a 3er curso del Nivel Técnico Profesional y 2t a 4t curso del nivel técnico profesional, con edades que comprendieron entre los 13 y los 20. La técnica utilizada para la recogida de datos de esta investigación fue la encuesta donde se elaboró un cuestionario de 15 preguntas. Los resultados obtenidos arojaron la siguiente información: que el Centro Estudiantil cuenta con una adecuada infraestructura tecnológica que le permite el desarrollo de aprendizajes basados en el uso de las TIC y que en el Centro han implementado el uso de las TIC, donde los alumnos presentaron una buena aceptación. Se propuso potenciar un cambio pedagógico en el uso de las TIC, donde la herramienta TIC utilizada sea un soporte que ayude eficazmente a mejorar el proceso de enseñanza-aprendizaje de los estudiantes.